000
00298nam a2200109 4500
999
_c
10569
_d
10569
008
180906b ||||| |||| 00| 0 eng d
245
_a
Copyright: do it right.
260
_a
Philippines
_b
Manila Bulletin
_c
c2016
300
_a
page E-2.
650
0
_9
30965
_a
Intellectual property.
942
_2
ddc
_c
PER